000 00299nam a2200109 4500
999 _c9756
_d9756
008 180716b ||||| |||| 00| 0 eng d
245 _aDifficulties in tax compliance.
260 _aPhilippines
_bPhilippine Daily Inquirer
_cc2016
300 _apage B4.
650 0 _928943
_aTaxation.
942 _2ddc
_cPER